000 00403nam a2200145Ia 4500
008 240729s9999 xx 000 0 und d
022 _a2332-9246
245 0 _adisClosure: A Journal of Social Theory
260 _aUnited States
260 _bUniversity of Kentucky
650 _aSocial Sciences
856 _uhttps://doaj.org/toc/796262c4113c4499a88192ae39781e66
942 _2ddc
942 _cDOAJEJ
999 _c68068
_d68068
945 _a1
_bMadushi Gamage
_c1
_dMadushi Gamage